| 000 | 00559cam a2200145 4500500 | ||
|---|---|---|---|
| 005 | 20251228082904.0 | ||
| 041 | _afre | ||
| 042 | _adc | ||
| 100 | 1 | 0 |
_aArnould, Jean-Claude _eauthor |
| 245 | 0 | 0 | _aMichèle Fogel, Marie de Gournay. Itinéraires d’une femme savante, Paris, Fayard, 2004. Un vol. 16 × 24 cm de 397 p. |
| 260 | _c2005. | ||
| 500 | _a44 | ||
| 786 | 0 | _nDix-septième siècle | 227 | 2 | 2005-06-01 | p. 355o-376o | 0012-4273 | |
| 856 | 4 | 1 | _uhttps://shs.cairn.info/revue-dix-septieme-siecle-2005-2-page-355o?lang=fr&redirect-ssocas=7080 |
| 999 |
_c1600005 _d1600005 |
||